000 00814nam a22002055i 4500
001 165447
003 ES-MaACL
005 20250721062643.0
008 010723s1885 fr |||| | fre d
040 _aCCPB | B
_bspa
_cCCPB | B
100 1 _aSmith, L.
_9132784
245 1 4 _aLes coalitions et les grèves d'après l'histoire et l'économie politique avec un appendice de lois de divers pays
_b: prix Rossi de 1885 à l'Académie des sciences morales et politiques /
_cpar L. Smith.
260 _aParis :
_bGuillaumin et C\pie\s, éditeurs,
_c[s.a.] (
_eCrété) :
_fCorbeil Typ. et stér.)
300 _aIV, 288 p. ;
_c22 cm.
650 7 _aEconomía
_2embne
_912006
752 _aFrancia -
_dParís
752 _aFrancia -
_dCorbeil
852 _aES-MaACL
_jF-4062
_z-- Enc. hol.
999 _c165447
_d165447